00447nam a2200157Ia 4500003000400000008004100004040001600045082001700061100001900078245006600097700002100163260004000184300001000224650002900234650002600263GCL140319s9999 xx 000 0 eng d aGCL / cGCL04a155.422bD L1 aDELDIME, ROGER10aLE DEVELOPPEMENT PSYCHOLOGIQUE DE L'ENFANT / cDELDIME, ROGER1 aVERMEULEN, SONIA a[S.N] : bDE BOECK, BELIN ، c1997 a241 P04aDEVELOPMENTAL PSYCHOLOGY04aCHILDREN - PSYCHOLOGY